00414pab a2200157 454500008004000000100001800040245005100058260000900109300001400118362000800132650002400140650002000164650001200184700001600196773004400212180718b2005 xxu||||| |||| 00| 0 eng d aMittal, Rekha aPatenting activities in agriculture from India c2005 ap.315-20. aJul aAgriculture - India aPatents - India aPatents aSingh, Gian aJournal of Intellectual Property Rights